| 000 | 00545nam a2200169 4500 | ||
|---|---|---|---|
| 001 | 127419 | ||
| 003 | ES-MaACL | ||
| 005 | 20230906193019.0 | ||
| 007 | t| | ||
| 008 | 070214s1964 sp r ||||1| spa d | ||
| 100 | 1 |
_aRiera Clavillé, José. _997118 |
|
| 245 | 1 | 0 |
_aCuatro siglos de amor _b: comedia en tres actos, el segundo dividido en dos cuadros / _cJosé Riera Clavillé. |
| 250 | _a1ª. ed. | ||
| 260 |
_aBarcelona : _b[s.n.], _c1964 ( _fImp. C.A.G.S.A.) |
||
| 300 |
_a129 p., 1 lám. ; _c24 cm. |
||
| 852 |
_aES-MaACL _jC-26162 _bR.55109 |
||
| 999 |
_c127419 _d127419 |
||